|
|
|
|
| LEADER |
00640cam a2200157 7i4500 |
| 001 |
0000049999 |
| 005 |
20240520090000.0 |
| 020 |
|
|
|a 9789832025528 (pbk.)
|
| 090 |
0 |
0 |
|a T173.8
|b .F33 2009
|
| 245 |
0 |
0 |
|a Facts and figures on innovation.
|
| 260 |
|
|
|a Petaling Jaya, Selangor:
|b Malaysia Productivity Corporation,
|c 2009.
|
| 300 |
|
|
|a 64 p.:
|b col. ll.;
|c 15 cm.
|
| 650 |
0 |
0 |
|a Information technology --
|x Technological innovations --
|z Malaysia
|
| 650 |
0 |
0 |
|a Research and development projects --
|x Malaysia
|
| 650 |
0 |
0 |
|a Communication --
|x Technological innovations --
|z Malaysia
|
| 999 |
|
|
|a 0000058209
|b BOK
|c GOVERNMENT PUBLICATION
|e Ground Floor, Bestari Jaya
|